00912nam a22002057a 4500003000900000008004100009020001800050040007100068082001800139110004400157245002300201260002500224300004600249440007600295505020600371650002000577650002900597650003500626710004500661AR-CdUCM190322b ||||| |||| 00| 0 spa d a9972 47 041 5 aMUNICIPALIDAD PROVINCIAL DEL CUSCOcBIBLIOTECA MUNICIPAL DEL CUSCO a388.13 /bT78 aIntermedite techology Development group aTransporte rural / aLima :bITDG,c1999. a69 páginas ;bilustraciones ;c24.5 cm. aLibro de consulta sobre tecnología aplicadas al ciclo alimentario.n6 aContenido : La importancia del transporte rural -- identificación de las necesidades del transporte rural -- Orientación de las necesidades del transporte rural -- consideraciones para orientar ... aTransorte rural aPolítica de transporte aplanificación del transporte aUnited ntions development fund for women